| 000 | 00574nam a22002057a 4500 | ||
|---|---|---|---|
| 003 | OSt | ||
| 005 | 20140310181713.0 | ||
| 008 | 121211t xxu||||| |||| 00| 0 eng d | ||
| 020 | _a9716300832 | ||
| 050 |
_aPL 5546 _b.V468 1997 |
||
| 082 |
_aFIL 398.245 _bV55 1997 |
||
| 100 | _aVentura, Sylvia Mendez | ||
| 245 |
_aThe Termite queen and other classic Philippine earth tales / _cSylvia Mendez Ventura |
||
| 260 |
_aManila : _bTahanan Books, _c1997. |
||
| 300 |
_a55 p. : _b ill. ; _c26 cm. |
||
| 942 |
_2lcc _cBK |
||
| 999 |
_c1625 _d1625 |
||